KOHA-Header-6

Data Warehousing Architecture And Implementation (Record no. 8345)

000 -LEADER
fixed length control field 00282nam a2200109Ia 4500
100 ## - MAIN ENTRY--AUTHOR NAME
Personal name Humpkins
245 #0 - TITLE STATEMENT
Title Data Warehousing Architecture And Implementation
260 ## - PUBLICATION, DISTRIBUTION, ETC. (IMPRINT)
Place of publication New Delhi
Name of publisher McGraw Hill
Year of publication 2002
300 ## - PHYSICAL DESCRIPTION
Number of Pages 1154
942 ## - ADDED ENTRY ELEMENTS (KOHA)
Koha item type Books
Holdings
Withdrawn status Lost status Collection code Permanent Location Current Location Shelving location Date acquired Full call number Accession Number Koha item type
    Computer Science MAJU MAJU Shelf No.A19 2019-09-13 005.43 3008 Books

Powered by Koha